[Event "Gelendzhik Rapid op"]
[Site "Gelendzhik"]
[Date "2023.05.29"]
[Round "10"]
[White "Volkov, Sergei"]
[Black "Porozhniak, Maya"]
[Result "1/2-1/2"]
[WhiteElo "2249"]
[BlackElo "1873"]
[PlyCount "134"]
[EventDate "2023.05.27"]
[EventType "swiss (rapid)"]
[EventRounds "11"]
[EventCountry "RUS"]
[SourceTitle "CBM 214 Extra"]
[Source "ChessBase"]
[SourceDate "2023.07.31"]
[SourceVersion "1"]
[SourceVersionDate "2023.07.31"]
[SourceQuality "1"]

1. d4 e6 2. Nf3 Nf6 3. Bf4 b6 4. e3 Bb7 5. Nbd2 d6 6. h3 Be7 7. Be2 Nbd7 8. 0-0 0-0 9. a4 c5 10. c3 Re8 11. Bh2 Bc6 12. Nc4 Nf8 13. dxc5 bxc5 14. Nxd6 Bxd6 15. Qxd6 Qb6 16. Qd2 Red8 17. Qc1 Ng6 18. Nd2 Nh4 19. Nc4 Qb7 20. f3 a5 21. e4 Nd7 22. Qf4 Ng6 23. Qc7 Qa6 24. Rf2 Rdc8 25. Qd6 Qb7 26. h4 Nxh4 27. Bf1 Ng6 28. Rd2 Qa7 29. Kh1 h6 30. Bg3 Nf6 31. Bh2 Bxe4 32. fxe4 Nxe4 33. Qd7 Nxd2 34. Qxa7 Rxa7 35. Nxd2 Rd8 36. Nc4 f6 37. Be2 e5 38. Bg1 Rc8 39. Bg4 Rcc7 40. Rd1 Ne7 41. Be6+ Kh7 42. Rd8 Kg6 43. Rb8 Rc6 44. Bh3 Nd5 45. Rb5 Nf4 46. Rxc5 Rxc5 47. Bxc5 Rc7 48. b4 axb4 49. cxb4 Nd3 50. Be6 Nxc5 51. bxc5 Rxc5 52. a5 Rb5 53. a6 Rb1+ 54. Kh2 Ra1 55. Bc8 e4 56. Kg3 Kg5 57. Nd6 Ra3+ 58. Kh2 Kf4 59. g3+ Kf3 60. Bb7 f5 61. Nxf5 Ra2+ 62. Kh3 g5 63. Nxh6 Ra1 64. Kh2 g4 65. Nf5 Ra2+ 66. Kg1 Ra1+ 67. Kh2 Ra2+ 1/2-1/2

[Event "Gelendzhik Rapid op"]
[Site "Gelendzhik"]
[Date "2023.05.27"]
[Round "2"]
[White "Volkov, Sergei"]
[Black "Nazarova, Evgeniya"]
[Result "1-0"]
[WhiteElo "2249"]
[BlackElo "1814"]
[PlyCount "43"]
[EventDate "2023.05.27"]
[EventType "swiss (rapid)"]
[EventRounds "11"]
[EventCountry "RUS"]
[SourceTitle "CBM 214 Extra"]
[Source "ChessBase"]
[SourceDate "2023.07.31"]
[SourceVersion "1"]
[SourceVersionDate "2023.07.31"]
[SourceQuality "1"]

1. d4 d5 2. Nf3 Nf6 3. Bf4 e6 4. e3 Bd6 5. Ne5 0-0 6. Nd2 b6 7. Bd3 Bb7 8. Qf3 c5 9. c3 Nc6 10. Qh3 Ne7 11. Bg5 Ng6 12. f4 Be7 13. Bxf6 Bxf6 14. 0-0 Qe7 15. Ndf3 Bxe5 16. Nxe5 f5 17. Nf3 Rae8 18. g4 cxd4 19. cxd4 Qb4 20. Rf2 Bc8 21. Qh5 fxg4 22. Ng5 1-0

[Event "Titled Tuesday intern op 12th Jan"]
[Site "Chess.com INT"]
[Date "2021.01.12"]
[Round "5"]
[White "Anisimov, Pavel"]
[Black "Volkov, Sergei"]
[Result "1/2-1/2"]
[WhiteElo "2527"]
[BlackElo "2277"]
[PlyCount "151"]
[EventDate "2021.01.12"]
[EventType "swiss (blitz)"]
[EventRounds "11"]
[EventCountry "USA"]
[SourceTitle "CBM 200 Extra"]
[Source "ChessBase"]
[SourceDate "2021.03.31"]
[SourceVersion "1"]
[SourceVersionDate "2021.03.31"]
[SourceQuality "1"]

1. e4 c5 2. Ne2 d6 3. g3 Nf6 4. Bg2 g6 5. c3 Bg7 6. d4 0-0 7. 0-0 Nc6 8. h3 e5 9. Be3 cxd4 10. cxd4 d5 11. dxe5 Nxe4 12. f4 f6 13. Nbc3 Nxc3 14. Nxc3 d4 15. Bd5+ Kh8 16. Bxd4 fxe5 17. Bxe5 Nxe5 18. fxe5 Bxe5 19. Rxf8+ Qxf8 20. Qf3 Bxh3 21. Re1 Qxf3 22. Bxf3 Bxg3 23. Re7 Rd8 24. Ne4 Bh4 25. Rxb7 Rd3 26. Bg2 Rd1+ 27. Kh2 Bf5 28. Rxa7 Bxe4 29. Bxe4 Rd2+ 30. Kh3 Bf2 31. Rb7 Bd4 32. Rd7 Bc3 33. Rc7 Bxb2 34. a4 Rd4 35. Bc2 Rd5 36. Kg4 Be5 37. Rb7 Rc5 38. Bb3 Bf6 39. Kf4 h5 40. Bf7 g5+ 41. Ke4 h4 42. Bg6 h3 43. Rh7+ Kg8 44. Rxh3 Rc4+ 45. Kf5 Rf4+ 46. Ke6 Bg7 47. Bh7+ Kf8 48. Ra3 g4 49. a5 Bd4 50. a6 Kg7 51. Bd3 Kh6 52. Bb5 Kg5 53. a7 Bxa7 54. Rxa7 Re4+ 55. Kd5 Re1 56. Rg7+ Kf4 57. Rf7+ Kg5 58. Bd7 g3 59. Rg7+ Kf4 60. Kc4 Kf3 61. Bc6+ Kf2 62. Rf7+ Kg1 63. Rg7 Kf2 64. Kd3 Re3+ 65. Kd2 Re5 66. Rf7+ Kg1 67. Kd3 Rg5 68. Ke3 g2 69. Be4 Kh2 70. Rh7+ Kg3 71. Bxg2 Kxg2 72. Kf4 Rg8 73. Rf7 Rg3 74. Rf5 Rf3+ 75. Kg5 Rxf5+ 76. Kxf5 1/2-1/2

[Event "Titled Tuesday intern op 12th Jan"]
[Site "Chess.com INT"]
[Date "2021.01.12"]
[Round "8"]
[White "Kotsur, Pavel"]
[Black "Volkov, Sergei"]
[Result "1-0"]
[WhiteElo "2517"]
[BlackElo "2277"]
[PlyCount "111"]
[EventDate "2021.01.12"]
[EventType "swiss (blitz)"]
[EventRounds "11"]
[EventCountry "USA"]
[SourceTitle "CBM 200 Extra"]
[Source "ChessBase"]
[SourceDate "2021.03.31"]
[SourceVersion "1"]
[SourceVersionDate "2021.03.31"]
[SourceQuality "1"]

1. e4 c5 2. Nf3 d6 3. c3 Nf6 4. h3 g6 5. Bd3 Bg7 6. Bc2 e5 7. d4 cxd4 8. cxd4 exd4 9. 0-0 Nc6 10. Nxd4 0-0 11. Nxc6 bxc6 12. Nc3 d5 13. exd5 Nxd5 14. Qf3 Rb8 15. Bb3 Be6 16. Ne4 Qb6 17. Bg5 f6 18. Bd2 Rbd8 19. Rac1 Bf7 20. Rfd1 a5 21. Rc2 h6 22. Nc5 f5 23. Na4 Qc7 24. Rdc1 Ne7 25. Bxf7+ Rxf7 26. Qb3 Rd5 27. Rxc6 Nxc6 28. Qxd5 Qd7 29. Qxd7 Rxd7 30. Be1 Nb4 31. Nc5 Rc7 32. Bxb4 axb4 33. b3 Bb2 34. Rc4 Bc3 35. Na4 Ra7 36. Nxc3 bxc3 37. a4 Rb7 38. Rxc3 Rd7 39. Kf1 Rd1+ 40. Ke2 Rb1 41. g3 Kf7 42. h4 Ke6 43. Rc6+ Ke5 44. Rb6 g5 45. hxg5 hxg5 46. Rb5+ Ke4 47. f3+ Kd4 48. Rxf5 Rxb3 49. Rxg5 Rb2+ 50. Kf1 Ke3 51. Rf5 Ra2 52. a5 Rb2 53. g4 Ra2 54. g5 Ra1+ 55. Kg2 Rxa5 56. Rxa5 1-0

[Event "Titled Tuesday intern op 12th Jan"]
[Site "Chess.com INT"]
[Date "2021.01.12"]
[Round "10"]
[White "Volkov, Sergei"]
[Black "Al Tarbosh, Ward"]
[Result "1-0"]
[WhiteElo "2277"]
[BlackElo "2189"]
[PlyCount "107"]
[EventDate "2021.01.12"]
[EventType "swiss (blitz)"]
[EventRounds "11"]
[EventCountry "USA"]
[SourceTitle "CBM 200 Extra"]
[Source "ChessBase"]
[SourceDate "2021.03.31"]
[SourceVersion "1"]
[SourceVersionDate "2021.03.31"]
[SourceQuality "1"]

1. d4 d5 2. Nf3 Nf6 3. Bf4 c5 4. e3 Nc6 5. c3 Qb6 6. Qc2 g6 7. Nbd2 Bf5 8. dxc5 Qxc5 9. Qb3 Qb6 10. Qxb6 axb6 11. Bb5 Bg7 12. Ne5 0-0 13. Nxc6 bxc6 14. Bxc6 Rac8 15. Bb5 Nh5 16. Bg3 e5 17. 0-0 Be6 18. Nf3 Nxg3 19. hxg3 Rc5 20. a4 h6 21. Rfd1 g5 22. Nd2 d4 23. Ne4 Rd5 24. Bc4 Rdd8 25. Bxe6 fxe6 26. c4 dxe3 27. fxe3 Rc8 28. b3 Rfd8 29. Kf1 g4 30. Ke2 h5 31. Rxd8+ Rxd8 32. Rd1 Rb8 33. Rh1 Bh6 34. Rxh5 Kh7 35. Rxe5 Bg7 36. Rxe6 Rd8 37. Rxb6 Be5 38. a5 Ra8 39. a6 Kg8 40. c5 Kf7 41. b4 Ke7 42. Rb7+ Ke6 43. b5 Kd5 44. Kd3 Rd8 45. c6 Bh8 46. Rd7+ Rxd7 47. cxd7 Bf6 48. Nxf6+ Ke5 49. d8Q Ke6 50. Qd5+ Ke7 51. Ne4 Kf8 52. Qb7 Kg8 53. a7 Kf8 54. a8Q# 1-0

[Event "Titled Tuesday intern op 12th Jan"]
[Site "Chess.com INT"]
[Date "2021.01.12"]
[Round "9"]
[White "Volkov, Sergei"]
[Black "Do Valle Cardoso, Lucas"]
[Result "1-0"]
[WhiteElo "2277"]
[BlackElo "2308"]
[PlyCount "73"]
[EventDate "2021.01.12"]
[EventType "swiss (blitz)"]
[EventRounds "11"]
[EventCountry "USA"]
[SourceTitle "CBM 200 Extra"]
[Source "ChessBase"]
[SourceDate "2021.03.31"]
[SourceVersion "1"]
[SourceVersionDate "2021.03.31"]
[SourceQuality "1"]

1. d4 Nf6 2. Nf3 d5 3. Bf4 c5 4. e3 Nc6 5. c3 e6 6. Nbd2 Be7 7. Ne5 0-0 8. Bd3 Nxe5 9. dxe5 Nd7 10. 0-0 b6 11. e4 Re8 12. exd5 exd5 13. Bg3 Nf8 14. f4 Bb7 15. Bb5 d4 16. Bxe8 Qxe8 17. cxd4 Rd8 18. f5 Rxd4 19. f6 gxf6 20. exf6 Qc6 21. Qe2 Bxf6 22. Nf3 Re4 23. Qf2 Ng6 24. Rae1 Rxe1 25. Rxe1 h5 26. h4 Qd5 27. b3 Kg7 28. Kh2 Qf5 29. Ng5 Qg4 30. Qe2 Qf5 31. Qxh5 Nf4 32. Qxf7+ Kh6 33. Qxb7 Bxg5 34. hxg5+ Kxg5 35. Qg7+ Ng6 36. Re5 Qxe5 37. Bxe5 1-0

[Event "Titled Tuesday intern op 20th Oct"]
[Site "Chess.com INT"]
[Date "2020.10.20"]
[Round "1"]
[White "David, Alexandru Vasile"]
[Black "Volkov, Sergei"]
[Result "1-0"]
[WhiteElo "2428"]
[BlackElo "2277"]
[PlyCount "101"]
[EventDate "2020.10.20"]
[EventType "swiss (blitz)"]
[EventRounds "11"]
[EventCountry "USA"]
[SourceTitle "EXT 2022"]
[Source "ChessBase"]
[SourceDate "2021.10.06"]
[SourceVersion "1"]
[SourceVersionDate "2021.10.06"]
[SourceQuality "1"]

1. Nf3 d5 2. c4 c6 3. g3 Nf6 4. Bg2 Bf5 5. Qb3 Qb6 6. d3 e6 7. Be3 dxc4 8. Qxc4 Qxb2 9. Bd4 Qb4+ 10. Nbd2 Qxc4 11. Nxc4 Nbd7 12. Rb1 b5 13. Nce5 Rc8 14. Bxa7 Bd6 15. Nxd7 Kxd7 16. Nd4 Bg6 17. 0-0 Nd5 18. Rfc1 b4 19. Rc4 Ra8 20. Bc5 Be5 21. Bxd5 cxd5 22. Rcxb4 Rhb8 23. a3 Bc7 24. Rb5 e5 25. Nf3 f6 26. Rxb8 Rxb8 27. Bb4 Bh5 28. Kg2 e4 29. dxe4 dxe4 30. Nd4 Be5 31. e3 Bxd4 32. exd4 Bf3+ 33. Kf1 Rc8 34. Ra1 Rc2 35. a4 Kc6 36. a5 Kb7 37. a6+ Ka8 38. a7 Rb2 39. Bc5 Rb3 40. h3 h5 41. g4 g5 42. gxh5 Bxh5 43. Kg2 Bf3+ 44. Kh2 Bh5 45. Re1 f5 46. Rg1 Bf3 47. Rxg5 e3 48. fxe3 Kb7 49. Rg8 Ka6 50. a8Q+ Bxa8 51. Rxa8+ 1-0

[Event "Titled Tuesday intern op 20th Oct"]
[Site "Chess.com INT"]
[Date "2020.10.20"]
[Round "4"]
[White "Pham, Le Thao Nguyen"]
[Black "Volkov, Sergei"]
[Result "1-0"]
[WhiteElo "2366"]
[BlackElo "2277"]
[PlyCount "65"]
[EventDate "2020.10.20"]
[EventType "swiss (blitz)"]
[EventRounds "11"]
[EventCountry "USA"]
[SourceTitle "EXT 2022"]
[Source "ChessBase"]
[SourceDate "2021.10.06"]
[SourceVersion "1"]
[SourceVersionDate "2021.10.06"]
[SourceQuality "1"]

1. Nf3 d5 2. d4 Nf6 3. Bf4 c5 4. e3 Nc6 5. Nbd2 Qb6 6. dxc5 Qxc5 7. a3 Bg4 8. b4 Qc3 9. Bb5 Ne4 10. 0-0 Nxd2 11. Qxd2 Qxd2 12. Nxd2 a6 13. Bxc6+ bxc6 14. c4 e6 15. f3 Bh5 16. Rfc1 f6 17. Bc7 Kd7 18. Ba5 Bd6 19. Nb3 e5 20. Bb6 Rhc8 21. Bc5 Bc7 22. Rd1 Ke6 23. Rac1 Bf7 24. Nd2 a5 25. b5 cxb5 26. cxb5 Bd8 27. a4 Rc7 28. Nb3 Rac8 29. Ba3 Rxc1 30. Rxc1 Rxc1+ 31. Bxc1 d4 32. exd4 Kd5 33. Bd2 1-0

[Event "Titled Tuesday intern op 29th Sept"]
[Site "Chess.com INT"]
[Date "2020.09.29"]
[Round "5"]
[White "Svidler, Peter"]
[Black "Volkov, Sergei"]
[Result "1/2-1/2"]
[WhiteElo "2723"]
[BlackElo "2277"]
[PlyCount "117"]
[EventDate "2020.09.29"]
[EventType "swiss (blitz)"]
[EventRounds "10"]
[EventCountry "USA"]
[SourceTitle "CBM 198 Extra"]
[Source "ChessBase"]
[SourceDate "2020.11.30"]
[SourceVersion "1"]
[SourceVersionDate "2020.11.30"]
[SourceQuality "1"]

1. Nf3 d5 2. g3 Nf6 3. Bg2 c6 4. 0-0 Bf5 5. c4 e6 6. cxd5 exd5 7. d3 Be7 8. Qb3 Qb6 9. Qc2 Nbd7 10. Nc3 0-0 11. e4 dxe4 12. dxe4 Bg6 13. Nh4 Rfe8 14. Nxg6 hxg6 15. Be3 Qa5 16. h3 Bc5 17. Bd2 Qc7 18. Kh1 Rad8 19. f4 Nh5 20. Ne2 Bb6 21. e5 Nxe5 22. fxe5 Qxe5 23. Rae1 Nxg3+ 24. Nxg3 Qxg3 25. Rxe8+ Rxe8 26. Bf4 Qh4 27. Qb3 Re1 28. Qg3 Qxg3 29. Bxg3 Re2 30. b4 Rxa2 31. b5 Rc2 32. bxc6 bxc6 33. Be4 Rc3 34. Rf3 Rxf3 35. Bxf3 f5 36. Bxc6 Kf7 37. Bh4 Bd4 38. Bd5+ Kf8 39. Kg2 Bf6 40. Bf2 a5 41. Bb6 a4 42. Kf3 a3 43. Bc5+ Be7 44. Bd4 Bf6 45. Bb6 g5 46. Be6 g4+ 47. hxg4 fxg4+ 48. Kxg4 g5 49. Kf5 Bb2 50. Kxg5 Kg7 51. Bc5 Kh8 52. Bb4 Ba1 53. Kg6 Bd4 54. Ba2 Ba1 55. Bxa3 Bd4 56. Bb3 Ba1 57. Ba2 Bc3 58. Bb3 Ba1 59. Ba2 1/2-1/2

[Event "Titled Tuesday intern op 29th Sept"]
[Site "Chess.com INT"]
[Date "2020.09.29"]
[Round "9"]
[White "Volkov, Sergei"]
[Black "Pon, Matt"]
[Result "0-1"]
[WhiteElo "2277"]
[BlackElo "2185"]
[PlyCount "96"]
[EventDate "2020.09.29"]
[EventType "swiss (blitz)"]
[EventRounds "10"]
[EventCountry "USA"]
[SourceTitle "CBM 198 Extra"]
[Source "ChessBase"]
[SourceDate "2020.11.30"]
[SourceVersion "1"]
[SourceVersionDate "2020.11.30"]
[SourceQuality "1"]

1. d4 Nf6 2. Nf3 c5 3. c3 g6 4. Bf4 Bg7 5. e3 0-0 6. Be2 b6 7. 0-0 Bb7 8. h3 d6 9. Nbd2 Nbd7 10. a4 a6 11. Bh2 Rc8 12. Re1 Rc7 13. Bf1 Qa8 14. Nc4 Rfc8 15. Nfd2 Ne4 16. Nxe4 Bxe4 17. f3 Bd5 18. Nd2 cxd4 19. exd4 Nf6 20. Qe2 Bb7 21. Ne4 Nxe4 22. fxe4 e5 23. dxe5 dxe5 24. Rad1 Rd8 25. Qe3 Rxd1 26. Rxd1 Bxe4 27. Qxb6 Rc8 28. Qxa6 Bxg2 29. Qxa8 Bxa8 30. a5 e4 31. Bf4 h6 32. Ba6 Re8 33. Bb5 Rc8 34. h4 g5 35. hxg5 hxg5 36. Ba6 Rc5 37. Rd8+ Kh7 38. Be3 Rxa5 39. Rxa8 Kg6 40. Bb7 Rb5 41. Bxe4+ f5 42. Ra6+ Kh5 43. Bd3 Rxb2 44. Bxf5 Bxc3 45. Bg6+ Kg4 46. Be4 Re2 47. Bd5 Rxe3 48. Ra4+ Kg3 0-1

[Event "Titled Tuesday intern op 15th Sept"]
[Site "Chess.com INT"]
[Date "2020.09.15"]
[Round "10"]
[White "Volkov, Sergei"]
[Black "Perez, Maximiliano"]
[Result "1/2-1/2"]
[WhiteElo "2277"]
[BlackElo "2417"]
[PlyCount "116"]
[EventDate "2020.09.15"]
[EventType "swiss (blitz)"]
[EventRounds "10"]
[EventCountry "USA"]
[SourceTitle "CBM 198 Extra"]
[Source "ChessBase"]
[SourceDate "2020.11.30"]
[SourceVersion "1"]
[SourceVersionDate "2020.11.30"]
[SourceQuality "1"]

1. d4 Nf6 2. Nf3 g6 3. Bf4 Bg7 4. e3 0-0 5. Be2 d6 6. 0-0 b6 7. h3 Bb7 8. a4 a6 9. Nbd2 c5 10. c3 Nbd7 11. Bh2 Ra7 12. Re1 Qa8 13. Bf1 Ne4 14. Nxe4 Bxe4 15. Nd2 Bc6 16. Nc4 Rb8 17. f3 b5 18. Na5 bxa4 19. Nxc6 Qxc6 20. Qxa4 Qxa4 21. Rxa4 Rxb2 22. Rxa6 Rxa6 23. Bxa6 Rb3 24. Rc1 cxd4 25. exd4 Rxc3 26. Rd1 Bf6 27. Kf1 Nb6 28. Bg1 Nd5 29. Bb7 Nf4 30. Bh2 Ne6 31. d5 Nc5 32. Bc6 Rc2 33. Bg1 Nb3 34. Be3 Kg7 35. Ba4 Rb2 36. Bxb3 Rxb3 37. Ke2 Rb2+ 38. Rd2 Rxd2+ 39. Kxd2 h5 40. g4 hxg4 41. hxg4 Be5 42. Kd3 Kf6 43. Ke4 Ba1 44. Bf2 Kg7 45. Bh4 Bf6 46. Bf2 Bb2 47. Bh4 Bf6 48. Bf2 Kf8 49. f4 Ke8 50. f5 g5 51. Kd3 Kd7 52. Kc4 Kc7 53. Be1 Kb6 54. Bd2 Ka6 55. Be1 Kb6 56. Bd2 Ka6 57. Be1 Be5 58. Bd2 Bf6 1/2-1/2

[Event "Titled Tuesday intern op 4th Aug 2pm"]
[Site "Chess.com INT"]
[Date "2020.08.04"]
[Round "4"]
[White "Cagara, Paulina"]
[Black "Volkov, Sergei"]
[Result "1-0"]
[WhiteElo "2054"]
[BlackElo "2277"]
[PlyCount "41"]
[EventDate "2020.08.04"]
[EventType "swiss (blitz)"]
[EventRounds "10"]
[EventCountry "USA"]
[SourceTitle "CBM 197 Extra"]
[Source "ChessBase"]
[SourceDate "2020.09.30"]
[SourceVersion "1"]
[SourceVersionDate "2020.09.30"]
[SourceQuality "1"]

1. e4 e5 2. Nf3 Nc6 3. c3 Nf6 4. d4 exd4 5. e5 Nd5 6. cxd4 Bb4+ 7. Bd2 Bxd2+ 8. Nbxd2 d6 9. Bb5 0-0 10. 0-0 Bg4 11. Qb3 Nb6 12. h3 Be6 13. Qc2 dxe5 14. Bxc6 bxc6 15. dxe5 Bd5 16. b3 Re8 17. Rad1 Qe7 18. Ne4 Nd7 19. Neg5 Nxe5 20. Qxh7+ Kf8 21. Qh8# 1-0

[Event "Titled Tuesday intern op 7th July"]
[Site "Chess.com INT"]
[Date "2020.07.07"]
[Round "8"]
[White "Roebers, Jan"]
[Black "Volkov, Sergei"]
[Result "0-1"]
[WhiteElo "2170"]
[BlackElo "2277"]
[PlyCount "78"]
[EventDate "2020.07.07"]
[EventType "swiss (blitz)"]
[EventRounds "10"]
[EventCountry "USA"]
[SourceTitle "CBM 197 Extra"]
[Source "ChessBase"]
[SourceDate "2020.09.30"]
[SourceVersion "1"]
[SourceVersionDate "2020.09.30"]
[SourceQuality "1"]

1. e4 e5 2. Nf3 Nc6 3. Bb5 a6 4. Ba4 f5 5. d4 fxe4 6. Nxe5 Nf6 7. 0-0 Bd6 8. f4 exf3 9. Rxf3 Nxe5 10. dxe5 Bxe5 11. Re3 Qe7 12. c3 0-0 13. Qe2 d6 14. Nd2 Bg4 15. Nf3 Nh5 16. Qc4+ Be6 17. Qe4 b5 18. Nxe5 dxe5 19. Qxe5 Bc4 20. Bd2 Qxe5 21. Rxe5 bxa4 22. Rxh5 Rab8 23. b3 axb3 24. axb3 Rxb3 25. Rc5 Bb5 26. Rxc7 Rb2 27. Bf4 Rxf4 28. Re1 h6 29. h3 Rff2 30. Kh1 Rxg2 31. c4 Rh2+ 32. Kg1 Ba4 33. Ree7 Rbg2+ 34. Kf1 Bb3 35. Rc8+ Kh7 36. Rcc7 a5 37. h4 a4 38. h5 Bc2 39. Ke1 Rh1# 0-1

[Event "Titled Tuesday intern op 7th July"]
[Site "Chess.com INT"]
[Date "2020.07.07"]
[Round "1"]
[White "Volkov, Sergei"]
[Black "Igambergenov, Alibek"]
[Result "0-1"]
[WhiteElo "2277"]
[BlackElo "2420"]
[PlyCount "122"]
[EventDate "2020.07.07"]
[EventType "swiss (blitz)"]
[EventRounds "10"]
[EventCountry "USA"]
[SourceTitle "CBM 197 Extra"]
[Source "ChessBase"]
[SourceDate "2020.09.30"]
[SourceVersion "1"]
[SourceVersionDate "2020.09.30"]
[SourceQuality "1"]

1. d4 Nf6 2. Nf3 d5 3. Bf4 Bf5 4. e3 e6 5. c4 Bd6 6. Bg3 Bxg3 7. hxg3 c6 8. Qb3 Qb6 9. c5 Qc7 10. Nc3 0-0 11. Qd1 Nbd7 12. Bd3 Bxd3 13. Qxd3 e5 14. Qc2 Rfe8 15. 0-0 exd4 16. exd4 Nf8 17. Rfe1 Re6 18. Rxe6 Nxe6 19. b4 b6 20. cxb6 axb6 21. Rc1 Qa7 22. a4 g6 23. Ne2 Qxa4 24. Qxc6 Qxc6 25. Rxc6 Ra1+ 26. Rc1 Ra2 27. Nc3 Rb2 28. Rb1 Rc2 29. Na4 b5 30. Nc5 Rc4 31. Nxe6 fxe6 32. Kf1 Ne4 33. Rb2 Kg7 34. Ke2 Kf6 35. g4 h6 36. Nd2 Rxd4 37. Nxe4+ Rxe4+ 38. Kd3 Rxg4 39. f3 Rc4 40. Rb1 h5 41. g3 e5 42. Kd2 Kf5 43. Kd3 e4+ 44. fxe4+ dxe4+ 45. Kd2 Kg4 46. Rf1 Rxb4 47. Rf4+ Kxg3 48. Rf6 g5 49. Ke3 g4 50. Rf8 h4 51. Rf1 h3 52. Re1 h2 53. Rd1 Kh3 54. Rh1 g3 55. Re1 g2 56. Ke2 g1Q 57. Rxg1 hxg1Q 58. Kd2 Qd4+ 59. Ke2 Rb2+ 60. Ke1 Qf2+ 61. Kd1 Rb1# 0-1

[Event "Titled Tuesday intern op 23rd June"]
[Site "Chess.com INT"]
[Date "2020.06.23"]
[Round "2"]
[White "Volkov, Sergei"]
[Black "Souza Santos, Carlos Roberto"]
[Result "1-0"]
[WhiteElo "2277"]
[BlackElo "2051"]
[PlyCount "37"]
[EventDate "2020.06.23"]
[EventType "swiss (blitz)"]
[EventRounds "10"]
[EventCountry "USA"]
[SourceTitle "CBM 197 Extra"]
[Source "ChessBase"]
[SourceDate "2020.09.30"]
[SourceVersion "1"]
[SourceVersionDate "2020.09.30"]
[SourceQuality "1"]

1. d4 e6 2. Nf3 d5 3. Bf4 Bd6 4. Ne5 c5 5. e3 Nf6 6. c3 0-0 7. Nd2 Nc6 8. Bd3 Qe7 9. 0-0 Bd7 10. Bg3 Rac8 11. f4 Rfe8 12. Bh4 a6 13. Qf3 Qd8 14. g4 Be7 15. Bxf6 Bxf6 16. g5 Be7 17. Bxh7+ Kf8 18. Qh5 cxd4 19. Qxf7# 1-0

[Event "Titled Tuesday intern op 16th June"]
[Site "Chess.com INT"]
[Date "2020.06.16"]
[Round "2"]
[White "Kuderinov, Kirill"]
[Black "Volkov, Sergei"]
[Result "1-0"]
[WhiteElo "2409"]
[BlackElo "2277"]
[PlyCount "59"]
[EventDate "2020.06.16"]
[EventType "swiss (blitz)"]
[EventRounds "10"]
[EventCountry "USA"]
[SourceTitle "EXT 2021"]
[Source "ChessBase"]
[SourceDate "2020.10.23"]
[SourceVersion "1"]
[SourceVersionDate "2020.10.23"]
[SourceQuality "1"]

1. e4 e5 2. Nf3 Nc6 3. Bc4 Nf6 4. d4 exd4 5. e5 d5 6. Bb5 Ne4 7. Nxd4 Bc5 8. Nxc6 Qh4 9. Nd4+ c6 10. g3 Nxg3 11. Nxc6 Qe4+ 12. Kd2 Qf4+ 13. Kc3 bxc6 14. Bxc6+ Bd7 15. Bxd7+ Kxd7 16. Qxd5+ Ke8 17. Qxa8+ Ke7 18. Qb7+ Ke6 19. Bxf4 Ne2+ 20. Kc4 Nxf4 21. Qc6+ Kxe5 22. Qxc5+ Ke4 23. Re1+ Kf3 24. Re3+ Kxf2 25. Rg3+ Kf1 26. Rf3+ Kg2 27. Qf2+ Kh1 28. Qf1+ Kxh2 29. Qf2+ Kh1 30. Nd2# 1-0

[Event "Titled Tuesday intern op 16th June"]
[Site "Chess.com INT"]
[Date "2020.06.16"]
[Round "1"]
[White "Volkov, Sergei"]
[Black "Bok, Benjamin"]
[Result "0-1"]
[WhiteElo "2277"]
[BlackElo "2624"]
[PlyCount "92"]
[EventDate "2020.06.16"]
[EventType "swiss (blitz)"]
[EventRounds "10"]
[EventCountry "USA"]
[SourceTitle "EXT 2021"]
[Source "ChessBase"]
[SourceDate "2020.10.23"]
[SourceVersion "1"]
[SourceVersionDate "2020.10.23"]
[SourceQuality "1"]

1. e4 c5 2. Nf3 d6 3. d4 cxd4 4. Nxd4 Nf6 5. Nc3 a6 6. Bg5 Nbd7 7. f4 Qc7 8. Qf3 b5 9. 0-0-0 Bb7 10. Bd3 g6 11. Rhe1 Bg7 12. Qf2 0-0 13. Nf3 b4 14. Ne2 Bxe4 15. Bxe4 Nxe4 16. Qe3 Ndc5 17. Ned4 e6 18. h4 h5 19. Nb3 d5 20. Nxc5 Qxc5 21. Qxc5 Nxc5 22. Be7 Rfc8 23. Nd4 Ra7 24. Nb3 Nxb3+ 25. axb3 Rxe7 26. Kb1 Rec7 27. Rd2 a5 28. Red1 Ra7 29. g3 a4 30. bxa4 Rxa4 31. c3 bxc3 32. bxc3 Bxc3 33. Rh2 Ra1+ 34. Kc2 Ra2+ 35. Kd3 Rxh2 36. Rc1 Rg2 37. Rxc3 Rxg3+ 38. Kd4 Rgxc3 39. f5 exf5 40. Kxd5 Re3 41. Kd6 f4 42. Kd7 Rc1 43. Kd6 f3 44. Kd7 f2 45. Kd6 f1Q 46. Kd7 Qd1# 0-1

[Event "Titled Tuesday intern op 9th June"]
[Site "Chess.com INT"]
[Date "2020.06.09"]
[Round "6"]
[White "Volkov, Sergei"]
[Black "Moroni, Luca Jr"]
[Result "0-1"]
[WhiteElo "2277"]
[BlackElo "2530"]
[PlyCount "123"]
[EventDate "2020.06.09"]
[EventType "swiss (blitz)"]
[EventRounds "10"]
[EventCountry "USA"]
[SourceTitle "CBM 196 Extra"]
[Source "ChessBase"]
[SourceDate "2020.07.31"]
[SourceVersion "1"]
[SourceVersionDate "2020.07.31"]
[SourceQuality "1"]

1. e4 e5 2. d4 Nc6 3. Nf3 exd4 4. Bc4 Bc5 5. c3 Nf6 6. cxd4 Bb4+ 7. Bd2 Nxe4 8. Bxb4 Nxb4 9. Bxf7+ Kxf7 10. Qb3+ Kf8 11. Qxb4+ Qe7 12. Qxe7+ Kxe7 13. Nc3 Nf6 14. 0-0 d6 15. Rfe1+ Kd8 16. Ng5 Rf8 17. Nce4 h6 18. Nxf6 Rxf6 19. Ne4 Rf7 20. Rac1 b6 21. Nc3 Bb7 22. Re6 Kd7 23. Rce1 a6 24. g3 b5 25. R6e3 Bf3 26. Ne2 g5 27. Nc3 Raf8 28. Rf1 h5 29. Ne4 Rf5 30. Nd2 Bd5 31. a3 h4 32. Ree1 g4 33. Re3 h3 34. Ree1 Bg2 35. Nb3 Bxf1 36. Rxf1 R8f7 37. Nc1 Kc6 38. Nd3 Kd5 39. Rd1 Kc4 40. Nf4 Rxf4 41. gxf4 Rxf4 42. Rc1+ Kb3 43. Rxc7 Rxd4 44. f3 gxf3 45. Kf2 Kxb2 46. Kxf3 a5 47. Rb7 Rd5 48. Ke4 Re5+ 49. Kd4 Kxa3 50. Rb6 b4 51. Rxd6 Re2 52. Ra6 a4 53. Kc4 Rxh2 54. Rb6 b3 55. Ra6 Rg2 56. Rh6 h2 57. Kb5 b2 58. Kc4 b1Q 59. Rh3+ Qb3+ 60. Rxb3+ axb3 61. Kc5 h1Q 62. Kc6 0-1